[Event "18e tournoi d'automne - tournoi A"]
[Site "Montigny le Bretonneux"]
[Date "2019.10.19"]
[Round "1.1"]
[White "Forissier, Nicolas"]
[Black "Gouanelle, Franck"]
[Result "1-0"]
[WhiteElo "1929"]
[BlackElo "2131"]
[Annotator "Rivier,Sylvain"]
[PlyCount "73"]
[EventDate "2019.??.??"]

{Gambit dame} 1. d4 d5 2. c4 c6 3. Nc3 e6 4. Nf3 dxc4 5. a4 Bb4 6. e3 b5 7. Bd2
a5 8. axb5 Bxc3 9. Bxc3 cxb5 10. b3 Bb7 11. bxc4 b4 12. Bb2 Nf6 13. Bd3 O-O 14.
O-O Nbd7 15. Re1 Ne4 16. Nd2 Nxd2 17. Qxd2 e5 18. Bc2 Qc7 19. Rac1 Rfd8 20. Qe2
a4 21. dxe5 Nxe5 22. Bxh7+ Kxh7 23. Qh5+ Kg8 24. Bxe5 Qc6 25. Qg4 f6 26. Ba1 b3
27. Rc3 Ra5 28. c5 Rd5 29. e4 Rdxc5 30. Rd3 Ra8 31. h4 Rc1 32. Rxc1 Qxc1+ 33.
Kh2 Qxa1 34. Rg3 f5 35. Qxf5 Ra6 36. e5 Qd4 37. e6 1-0

[Event "18e tournoi d'automne - tournoi A"]
[Site "Montigny le Bretonneux"]
[Date "2019.10.19"]
[Round "1.2"]
[White "Veron, Cyprien"]
[Black "Drouot, Frederic"]
[Result "1/2-1/2"]
[WhiteElo "2024"]
[BlackElo "1972"]
[Annotator "Rivier,Sylvain"]
[PlyCount "85"]
[EventDate "2019.??.??"]

{D�but R�ti} 1. Nf3 d5 2. c4 Nf6 3. cxd5 Nxd5 4. e4 Nf6 5. e5 Nd5 6. Nc3 e6 7.
d4 b6 8. Bd3 Bb7 9. O-O Be7 10. Ne4 Nc6 11. a3 h6 12. Bd2 Qd7 13. Rc1 O-O 14.
Bb1 Rfd8 15. Qc2 f5 16. exf6 Bxf6 17. Nxf6+ Nxf6 18. Qg6 Ne7 19. Qg3 c5 20.
Bxh6 Nf5 21. Bxf5 exf5 22. Ne5 Nh5 23. Nxd7 Nxg3 24. Nf6+ Kf7 25. fxg3 Kxf6 26.
Bd2 Rd7 27. d5 Bxd5 28. Bc3+ Ke6 29. Rcd1 g6 30. Rfe1+ Be4 31. Rxd7 Kxd7 32.
Rd1+ Ke6 33. Kf2 b5 34. Ba5 Bd5 35. Ke3 Rh8 36. h4 Bxg2 37. Rd8 Rxd8 38. Bxd8
Bf1 39. Kd2 Kd5 40. Kc3 a6 41. b4 c4 42. Bg5 Ke4 43. Bf4 1/2-1/2

[Event "18e tournoi d'automne - tournoi A"]
[Site "Montigny le Bretonneux"]
[Date "2019.10.19"]
[Round "1.3"]
[White "Rumeau, Jean-Michel"]
[Black "Claisse, Patrick"]
[Result "1-0"]
[WhiteElo "1934"]
[BlackElo "1757"]
[Annotator "Rivier,Sylvain"]
[PlyCount "57"]
[EventDate "2019.??.??"]

{D�fense sicilienne, variante Najdorf} 1. e4 c5 2. Nf3 d6 3. d4 cxd4 4. Nxd4
Nf6 5. Nc3 a6 6. Bg5 e6 7. Qd2 Be7 8. f3 Qc7 9. g4 Nc6 10. h4 h5 11. Be2 hxg4
12. O-O-O gxf3 13. Nxf3 Ne5 14. Nxe5 dxe5 15. h5 Bd7 16. h6 gxh6 17. Bxf6 Bxf6
18. Rxh6 Bg7 19. Rxh8+ Bxh8 20. Qg5 Qd8 21. Qg8+ Ke7 22. Qh7 Qg8 23. Qh4+ f6
24. Qf2 Qc8 25. Qb6 Bg7 26. Qd6+ Kd8 27. Qxe6 Kc7 28. Qd6+ Kd8 29. Bg4 1-0

[Event "18e tournoi d'automne - tournoi A"]
[Site "Montigny le Bretonneux"]
[Date "2019.10.19"]
[Round "1.4"]
[White "Boulemnakher, Karim"]
[Black "Plantet, Marc"]
[Result "1-0"]
[WhiteElo "1845"]
[BlackElo "1731"]
[Annotator "Rivier,Sylvain"]
[PlyCount "67"]
[EventDate "2019.??.??"]

{D�fense Caro-Kann, variante principale} 1. e4 c6 2. d4 d5 3. Nc3 dxe4 4. Nxe4
Bf5 5. Ng3 Bg6 6. Nh3 e6 7. Bc4 Bd6 8. O-O Nf6 9. f4 Qc7 10. Bb3 O-O 11. c4 c5
12. Be3 Rd8 13. Qf3 cxd4 14. Bxd4 Bc5 15. Bxc5 Qxc5+ 16. Kh1 Nc6 17. Rad1 Na5
18. Qc3 Ng4 19. Rfe1 Nc6 20. Bc2 Qb4 21. Bxg6 hxg6 22. Qf3 Nf6 23. b3 Rd4 24.
Ng5 Rad8 25. N3e4 Qa5 26. Ra1 Nb4 27. Qh3 Nxe4 28. Qh7+ Kf8 29. Rxe4 Rd1+ 30.
Re1 Rxa1 31. Rxa1 Nc2 32. Rg1 Qc3 33. Qh4 Rd2 34. Ne4 1-0

[Event "18e tournoi d'automne - tournoi A"]
[Site "Montigny le Bretonneux"]
[Date "2019.10.19"]
[Round "1.5"]
[White "Taramelli, Marc"]
[Black "Verat-Fayolle, Celian"]
[Result "1/2-1/2"]
[WhiteElo "1829"]
[BlackElo "1843"]
[Annotator "Rivier,Sylvain"]
[PlyCount "75"]
[EventDate "2019.??.??"]

{D�fense des deux cavaliers} 1. e4 e5 2. Nf3 Nc6 3. Bc4 Nf6 4. d4 exd4 5. Nxd4
d5 6. exd5 Nxd5 7. O-O Be7 8. Re1 O-O 9. Nxc6 bxc6 10. Bd2 Bf6 11. Nc3 Nxc3 12.
Bxc3 Bxc3 13. bxc3 Bf5 14. Bd3 Bxd3 15. cxd3 Qf6 16. Qc2 Rab8 17. d4 Rfe8 18.
Rxe8+ Rxe8 19. Qa4 Re2 20. Rf1 h5 21. Qxa7 h4 22. Qa8+ Kh7 23. Qa6 Rd2 24. a4
h3 25. Qc8 hxg2 26. Qh3+ Kg8 27. Qxg2 Ra2 28. Rb1 Rxa4 29. Rb8+ Kh7 30. Qh3+
Qh6 31. Qxh6+ Kxh6 32. Rc8 Rc4 33. Rxc7 Kg6 34. Kg2 Rxc3 35. d5 c5 36. d6 Rd3
37. d7 c4 38. Rxc4 1/2-1/2

[Event "18e tournoi d'automne - tournoi A"]
[Site "Montigny le Bretonneux"]
[Date "2019.10.20"]
[Round "2.1"]
[White "Gouanelle, Franck"]
[Black "Taramelli, Marc"]
[Result "1-0"]
[WhiteElo "2131"]
[BlackElo "1829"]
[Annotator "Rivier,Sylvain"]
[PlyCount "143"]
[EventDate "2019.??.??"]

{Partie du pion dame} 1. d4 d5 2. Nc3 e6 3. Bf4 c6 4. e3 Nf6 5. Nf3 Bb4 6. Bd3
Nbd7 7. O-O O-O 8. Ne2 c5 9. c3 Ba5 10. Bd6 Re8 11. dxc5 e5 12. Bb5 Bc7 13.
Bxc7 Qxc7 14. b4 a6 15. Ba4 b6 16. cxb6 Qxb6 17. Qb3 Bb7 18. Rfd1 Bc6 19. Rac1
Rac8 20. Nd2 Bxa4 21. Qxa4 Qb5 22. Qxb5 axb5 23. f3 Nb6 24. Kf2 Rc6 25. h3 Rec8
26. f4 exf4 27. exf4 Na4 28. Nb1 h6 29. Kg1 Nb2 30. Rd2 Nc4 31. Rd3 Ra6 32. Rc2
Rca8 33. Nc1 Re6 34. Kf2 Ne4+ 35. Kf1 Nf6 36. Re2 Rxe2 37. Kxe2 Re8+ 38. Kf2
Nb2 39. Rd4 Nc4 40. g4 Nd6 41. Ne2 g5 42. Nd2 Ra8 43. fxg5 hxg5 44. Nc1 Nde4+
45. Nxe4 Nxe4+ 46. Ke3 Nxc3 47. Kd3 Rc8 48. a3 f6 49. Nb3 Na4 50. Kd2 Nb6 51.
Nc5 Rd8 52. Kc3 Kf7 53. Kb3 Re8 54. Rd3 Re5 55. a4 bxa4+ 56. Nxa4 Nc4 57. b5
Na5+ 58. Kb4 Nb7 59. Nc5 Nxc5 60. Kxc5 d4+ 61. Kc4 Re1 62. Rxd4 Rc1+ 63. Kb4
Ke6 64. b6 Rb1+ 65. Kc5 Rc1+ 66. Kb5 Ke5 67. Rd3 Rb1+ 68. Kc6 Rc1+ 69. Kd7 Rb1
70. Kc7 Rc1+ 71. Kb8 Rb1 72. b7 1-0

[Event "18e tournoi d'automne - tournoi A"]
[Site "Montigny le Bretonneux"]
[Date "2019.10.20"]
[Round "2.2"]
[White "Verat-Fayolle, Celian"]
[Black "Veron, Cyprien"]
[Result "0-1"]
[WhiteElo "1843"]
[BlackElo "2024"]
[Annotator "Rivier,Sylvain"]
[PlyCount "130"]
[EventDate "2019.??.??"]

{D�fense des deux cavaliers} 1. e4 e5 2. Nf3 Nc6 3. Bc4 Nf6 4. Ng5 d5 5. exd5
Na5 6. d3 h6 7. Nf3 e4 8. Qe2 Nxc4 9. dxc4 Be7 10. Nd4 Bg4 11. Qf1 c6 12. Nc3
O-O 13. h3 Bh5 14. g4 Bg6 15. g5 hxg5 16. Bxg5 Bh5 17. Nce2 Nxd5 18. Bxe7 Nxe7
19. O-O-O Qa5 20. Kb1 Rad8 21. Qg2 Qe5 22. Rde1 Rxd4 23. Nxd4 Qxd4 24. Rxe4 Qf6
25. f4 Bg6 26. Re5 Nf5 27. Qg5 Qxg5 28. fxg5 Nd4 29. Re7 Rb8 30. Kc1 Kf8 31.
Rd7 Nxc2 32. h4 Nb4 33. Kd2 Bf5 34. Rd4 c5 35. Rf4 Rd8+ 36. Ke2 Re8+ 37. Kd2
Bd3 38. Rh2 Rd8 39. a3 Bg6+ 40. Ke3 Nd3 41. Rf1 Re8+ 42. Kf3 Bh5+ 43. Kg2 Ne1+
44. Kg3 Nd3 45. Rd2 Re3+ 46. Kh2 Bg4 47. g6 f5 48. h5 Ke7 49. b4 b6 50. bxc5
Nxc5 51. Rg2 Rh3+ 52. Kg1 Rxh5 53. Rxg4 fxg4 54. Rf7+ Ke6 55. Rxg7 Rg5 56. Rxa7
Rxg6 57. a4 Nb3 58. Ra8 g3 59. Kg2 Ke5 60. Rd8 Nc5 61. a5 Ne6 62. Rd1 Nf4+ 63.
Kh1 g2+ 64. Kh2 Rh6+ 65. Kg3 Rh1 0-1

[Event "18e tournoi d'automne - tournoi A"]
[Site "Montigny le Bretonneux"]
[Date "2019.10.20"]
[Round "2.4"]
[White "Boulemnakher, Karim"]
[Black "Forissier, Nicolas"]
[Result "0-1"]
[WhiteElo "1845"]
[BlackElo "1929"]
[Annotator "Rivier,Sylvain"]
[PlyCount "46"]
[EventDate "2019.??.??"]

{Partie espagnole, gambit J�nisch} 1. e4 e5 2. Nf3 Nc6 3. Bb5 f5 4. d3 Nf6 5.
O-O d6 6. Nc3 Be7 7. Re1 O-O 8. Bg5 fxe4 9. dxe4 Bg4 10. Be2 Kh8 11. Bxf6 Bxf6
12. Nxe5 Bxe5 13. Bxg4 Qf6 14. Bf3 Nd4 15. Re3 Qf4 16. Kf1 Qxh2 17. Ne2 Qh1+
18. Ng1 Bh2 19. Qxd4 Qxg1+ 20. Ke2 Qxa1 21. Bg4 Be5 22. Qd3 Qxb2 23. Rh3 g6 0-1

[Event "18e tournoi d'automne - tournoi A"]
[Site "Montigny le Bretonneux"]
[Date "2019.10.21"]
[Round "3.1"]
[White "Veron, Cyprien"]
[Black "Gouanelle, Franck"]
[Result "0-1"]
[WhiteElo "2024"]
[BlackElo "2131"]
[Annotator "Rivier,Sylvain"]
[PlyCount "98"]
[EventDate "2019.??.??"]

{Défense néo-Grünfeld, variante principale} 1. Nf3 d5 2. g3 g6 3. Bg2 Bg7 4.
d4 Nf6 5. c4 c6 6. cxd5 cxd5 7. O-O O-O 8. Ne5 Ng4 9. f4 Nxe5 10. fxe5 f6 11.
exf6 Rxf6 12. Rxf6 Bxf6 13. Nc3 e6 14. Be3 Nc6 15. Qd2 Bd7 16. Rd1 Be8 17. Bf2
Bg5 18. Qd3 Bf7 19. e4 a6 20. exd5 Nb4 21. Qc4 Nxd5 22. Ne4 Ne3 23. Bxe3 Bxe3+
24. Kh1 e5 25. d5 Bd4 26. Rxd4 Rc8 27. Qxc8 Qxc8 28. Rd1 Kg7 29. Nd6 Qd7 30.
Nxf7 Kxf7 31. d6 Ke8 32. h4 h6 33. Rd5 Qe6 34. d7+ Kd8 35. Kh2 e4 36. Rd4 e3
37. Bh3 Qxa2 38. Rf4 Qxb2+ 39. Kg1 Qc1+ 40. Kg2 Qc6+ 41. Kg1 Qc5 42. Kf1 Qc1+
43. Kg2 Qd2+ 44. Kg1 e2 45. Rf8+ Kc7 46. Rc8+ Kb6 47. d8=Q+ Qxd8 48. Rxd8 e1=Q+
49. Kh2 Kc5 0-1

[Event "18e tournoi d'automne - tournoi A"]
[Site "Montigny le Bretonneux"]
[Date "2019.10.21"]
[Round "3.2"]
[White "Claisse, Patrick"]
[Black "Drouot, Frederic"]
[Result "0-1"]
[WhiteElo "1757"]
[BlackElo "1972"]
[Annotator "Rivier,Sylvain"]
[PlyCount "80"]
[EventDate "2019.??.??"]

{Partie espagnole, défense berlinoise} 1. e4 e5 2. Nf3 Nc6 3. Bb5 a6 4. Ba4
Nf6 5. O-O d6 6. Re1 Bd7 7. c3 Be7 8. d4 b5 9. Bc2 O-O 10. h3 Re8 11. Nbd2 Bf8
12. Nf1 Na5 13. Bg5 Nc4 14. b3 Nb6 15. Ng3 h6 16. Bc1 c5 17. Bb2 c4 18. Ba3 Qc7
19. dxe5 dxe5 20. Bxf8 Kxf8 21. b4 Rad8 22. Qe2 Bc6 23. Nd2 Rd7 24. Rad1 g6 25.
Qe3 Kg7 26. Nf3 Qb7 27. Nh4 Rh8 28. f4 Rxd1 29. Rxd1 Nbd7 30. fxe5 Nxe5 31. Qd4
Re8 32. Rf1 Nfd7 33. Kh1 Re6 34. Nf3 Qc7 35. Rd1 f6 36. Ne2 a5 37. Nf4 Re8 38.
a3 Nxf3 39. Nd5 Nxd4 40. Nxc7 Rc8 0-1

[Event "18e tournoi d'automne - tournoi A"]
[Site "Montigny le Bretonneux"]
[Date "2019.10.21"]
[Round "3.3"]
[White "Rumeau, Jean-Michel"]
[Black "Verat-Fayolle, Celian"]
[Result "0-1"]
[WhiteElo "1934"]
[BlackElo "1843"]
[Annotator "Rivier,Sylvain"]
[PlyCount "32"]
[EventDate "2019.??.??"]

{Partie italienne} 1. e4 e5 2. Nf3 Nc6 3. Bc4 Nf6 4. O-O Bc5 5. d4 Bxd4 6. Nxd4
Nxd4 7. f4 d6 8. Nc3 Be6 9. Qd3 h6 10. Nd5 c6 11. Nxf6+ Qxf6 12. fxe5 Qxe5 13.
Bf4 Bxc4 14. Qxc4 Qc5 15. Qxf7+ Kxf7 16. Bxd6+ Nf3+ 0-1

[Event "18e tournoi d'automne - tournoi A"]
[Site "Montigny le Bretonneux"]
[Date "2019.10.21"]
[Round "3.4"]
[White "Forissier, Nicolas"]
[Black "Plantet, Marc"]
[Result "1-0"]
[WhiteElo "1929"]
[BlackElo "1731"]
[Annotator "Rivier,Sylvain"]
[PlyCount "81"]
[EventDate "2019.??.??"]

{Gambit dame accept�} 1. d4 Nf6 2. c4 e6 3. Nc3 d5 4. e3 dxc4 5. Bxc4 c5 6. Nf3
a6 7. a4 Nc6 8. O-O Qc7 9. d5 exd5 10. Nxd5 Nxd5 11. Qxd5 Na5 12. Ba2 Be6 13.
Qe4 Qc6 14. Qc2 Bxa2 15. Rxa2 Qe6 16. Ra1 Qb3 17. Qe4+ Qe6 18. Qxe6+ fxe6 19.
Ng5 Be7 20. Nxe6 Kf7 21. Nf4 Rhd8 22. e4 Nb3 23. Rb1 Rd4 24. Nd5 Rxe4 25. Nxe7
Kxe7 26. Bg5+ Kf7 27. Rbd1 Rxa4 28. Rd7+ Kg6 29. f4 b5 30. h3 Ra1 31. Rxa1 Nxa1
32. Bd8 a5 33. g4 h6 34. f5+ Kh7 35. Bc7 Kg8 36. Be5 a4 37. Bxg7 b4 38. Be5 Re8
39. Bd6 Nb3 40. f6 Ra8 41. f7+ 1-0

[Event "18e tournoi d'automne - tournoi A"]
[Site "Montigny le Bretonneux"]
[Date "2019.10.21"]
[Round "3.5"]
[White "Taramelli, Marc"]
[Black "Boulemnakher, Karim"]
[Result "0-1"]
[WhiteElo "1829"]
[BlackElo "1845"]
[Annotator "Rivier,Sylvain"]
[PlyCount "76"]
[EventDate "2019.??.??"]

{D�fense Petroff} 1. e4 e5 2. Nf3 Nf6 3. Bc4 Nxe4 4. Nc3 Nxc3 5. dxc3 Be7 6.
Bxf7+ Kxf7 7. Nxe5+ Kf8 8. Qd5 Qe8 9. O-O c6 10. Qf3+ Kg8 11. Bd2 d6 12. Nd3
Qf7 13. Qe3 Bd7 14. Rae1 Bf6 15. Qg3 d5 16. Re3 Na6 17. Rfe1 Re8 18. Rxe8+ Bxe8
19. Ne5 Bxe5 20. Qxe5 Bd7 21. Qe7 h6 22. Qd6 Bf5 23. Re7 Qf6 24. Qxf6 gxf6 25.
Rxb7 Rh7 26. Rb3 Bxc2 27. Ra3 Bd3 28. Be3 Rb7 29. b3 Nc7 30. Bxh6 Nb5 31. Ra5
Nxc3 32. Be3 Nb5 33. a4 d4 34. axb5 dxe3 35. bxc6 e2 36. Ra1 Rxb3 37. f3 Rc3
38. Kf2 a6 0-1

[Event "18e tournoi d'automne - tournoi A"]
[Site "Montigny le Bretonneux"]
[Date "2019.10.22"]
[Round "2.5"]
[White "Plantet, Marc"]
[Black "Claisse, Patrick"]
[Result "1-0"]
[WhiteElo "1731"]
[BlackElo "1757"]
[Annotator "Rivier,Sylvain"]
[PlyCount "99"]
[EventDate "2019.??.??"]

{D�fense sicilienne, attaque Sozin} 1. e4 c5 2. Nf3 d6 3. d4 cxd4 4. Nxd4 Nf6
5. Nc3 a6 6. Bc4 e6 7. Bb3 Be7 8. O-O O-O 9. f4 Qc7 10. Be3 b5 11. e5 Nfd7 12.
Ndxb5 axb5 13. Nxb5 Qc6 14. exd6 Bb7 15. Qg4 Bxd6 16. Nd4 Nf6 17. Qh3 Qa6 18.
Rad1 Bc5 19. Kh1 Qb6 20. c3 Bd5 21. Bxd5 Nxd5 22. b4 Nxe3 23. bxc5 Qxc5 24.
Qxe3 Rxa2 25. Qf3 h6 26. Ra1 Qc4 27. Rab1 Na6 28. f5 e5 29. Nc6 f6 30. Ne7+ Kh7
31. Rb7 Qe2 32. Qxe2 Rxe2 33. h3 Rd8 34. c4 Rdd2 35. Rg1 Nc5 36. Rc7 Rd7 37.
Rxc5 Rxe7 38. Rc8 Rd7 39. c5 Rc2 40. Rb1 h5 41. Rbb8 Kh6 42. h4 g6 43. c6 Rd1+
44. Kh2 gxf5 45. c7 Rcc1 46. Rh8+ Kg6 47. c8=Q Rh1+ 48. Kg3 f4+ 49. Kf3 e4+ 50.
Kxe4 1-0

[Event "18e tournoi d'automne - tournoi A"]
[Site "Montigny le Bretonneux"]
[Date "2019.10.22"]
[Round "4.1"]
[White "Gouanelle, Franck"]
[Black "Rumeau, Jean-Michel"]
[Result "1-0"]
[WhiteElo "2131"]
[BlackElo "1934"]
[Annotator "Rivier,Sylvain"]
[PlyCount "155"]
[EventDate "2019.??.??"]

{Défense Pirc} 1. d4 Nf6 2. Bg5 e6 3. e4 d6 4. Nc3 Be7 5. Nf3 h6 6. Be3 c6 7.
Bd3 Qc7 8. h3 Nbd7 9. O-O g5 10. Nh2 Nf8 11. Ne2 Rg8 12. Ng3 Bd7 13. a4 Ng6 14.
Re1 Nf4 15. Bf1 c5 16. Bb5 O-O-O 17. c3 Bc6 18. f3 Rg6 19. c4 a6 20. Bxc6 Qxc6
21. d5 Qc7 22. a5 h5 23. Qd2 Rdg8 24. Kh1 Nd7 25. Rg1 Ne5 26. b3 h4 27. Ne2 Nh5
28. dxe6 fxe6 29. Rgc1 Bf6 30. Ra4 Qd7 31. Rd1 Be7 32. Kg1 Qe8 33. Raa1 Rf8 34.
Rf1 Rf7 35. Rac1 Qf8 36. Rcd1 Ng3 37. Nxg3 hxg3 38. Ng4 Nxg4 39. fxg4 Rgf6 40.
Qe2 Qg7 41. Rxf6 Rxf6 42. e5 Rf2 43. Bxf2 gxf2+ 44. Kxf2 dxe5 45. Qe4 Bd8 46.
Ra1 Bc7 47. Ke2 Qf8 48. g3 Qh8 49. Rh1 Bxa5 50. h4 gxh4 51. gxh4 Qd8 52. Qe3
Qd6 53. Rd1 Qf8 54. Qxe5 Bc7 55. Qxe6+ Kb8 56. Rf1 Qg7 57. Kf3 Qc3+ 58. Qe3
Qf6+ 59. Kg2 Qxh4 60. Rf8+ Ka7 61. Qxc5+ Bb6 62. Qc8 Be3 63. Qa8+ Kb6 64. Qd8+
Qxd8 65. Rxd8 Kc6 66. Kf3 Bc1 67. Ke4 Kc7 68. Rd5 Kc6 69. g5 Bb2 70. g6 b5 71.
cxb5+ axb5 72. Rd2 Ba1 73. Ra2 Bh8 74. Ra8 Bb2 75. Ra7 Kc5 76. g7 Bxg7 77. Rxg7
Kb4 78. Rg3 1-0

[Event "18e tournoi d'automne - tournoi A"]
[Site "Montigny le Bretonneux"]
[Date "2019.10.22"]
[Round "4.2"]
[White "Boulemnakher, Karim"]
[Black "Veron, Cyprien"]
[Result "1/2-1/2"]
[WhiteElo "1845"]
[BlackElo "2024"]
[Annotator "Rivier,Sylvain"]
[PlyCount "53"]
[EventDate "2019.??.??"]

{Partie viennoise} 1. e4 e5 2. Nc3 Nf6 3. f4 d5 4. fxe5 Nxe4 5. Nxe4 dxe4 6.
Qe2 Qd5 7. d3 exd3 8. Qxd3 Qxe5+ 9. Be2 Bf5 10. Qb3 Qa5+ 11. Bd2 Qb6 12. Nf3
Be7 13. O-O-O Qxb3 14. axb3 O-O 15. Rhf1 Bg6 16. Bf4 Nc6 17. Rd7 Rac8 18. Bb5
Bd6 19. Bxd6 cxd6 20. Bxc6 Rxc6 21. Nd4 Rb6 22. Re1 Rb8 23. Ree7 Kf8 24. Nf5
Bxf5 25. Rxf7+ Ke8 26. Rfe7+ Kf8 27. Rf7+ 1/2-1/2

[Event "18e tournoi d'automne - tournoi A"]
[Site "Montigny le Bretonneux"]
[Date "2019.10.22"]
[Round "4.3"]
[White "Plantet, Marc"]
[Black "Drouot, Frederic"]
[Result "0-1"]
[WhiteElo "1731"]
[BlackElo "1972"]
[Annotator "Rivier,Sylvain"]
[PlyCount "80"]
[EventDate "2019.??.??"]

{D�fense des deux cavaliers} 1. e4 e5 2. Nf3 Nc6 3. Bc4 Nf6 4. d3 Be7 5. O-O
O-O 6. Be3 d6 7. Nbd2 Ng4 8. c3 Na5 9. Bb5 a6 10. Ba4 b5 11. Bc2 Nxe3 12. fxe3
c5 13. b4 cxb4 14. cxb4 Nc6 15. a3 Qb6 16. Qe1 Be6 17. Qf2 a5 18. d4 exd4 19.
exd4 Bf6 20. d5 Qxf2+ 21. Kxf2 Nd4 22. Rac1 Bd7 23. Nb3 Nxf3 24. gxf3 axb4 25.
axb4 Bc3 26. f4 Ra2 27. Kf3 Bxb4 28. Nd4 Ra3+ 29. Kf2 Bc5 30. Rfd1 Bg4 31. Kf1
Bxd1 32. Rxd1 Bxd4 33. Rxd4 Rf3+ 34. Kg2 Rxf4 35. Kg3 g5 36. Rb4 f5 37. Rxb5
fxe4 38. Rb7 h5 39. Bd1 h4+ 40. Kg2 g4 0-1

[Event "18e tournoi d'automne - tournoi A"]
[Site "Montigny le Bretonneux"]
[Date "2019.10.22"]
[Round "4.4"]
[White "Forissier, Nicolas"]
[Black "Taramelli, Marc"]
[Result "0-1"]
[WhiteElo "1929"]
[BlackElo "1829"]
[Annotator "Rivier,Sylvain"]
[PlyCount "78"]
[EventDate "2019.??.??"]

{Gambit dame, variante Meran-Blumenfeld} 1. d4 d5 2. c4 c6 3. Nc3 e6 4. e3 Nf6
5. Nf3 Nbd7 6. Bd3 dxc4 7. Bxc4 b5 8. Bd3 a6 9. e4 c5 10. e5 cxd4 11. Nxb5 axb5
12. exf6 gxf6 13. Nxd4 Qb6 14. Nxb5 Bc5 15. O-O Bb7 16. Nc3 Rg8 17. Be4 Ke7 18.
Bf4 Bxe4 19. Nxe4 Qc6 20. Re1 Ra4 21. Qc2 f5 22. Bd6+ Ke8 23. Bxc5 Rxe4 24.
Rxe4 Nxc5 25. g3 fxe4 26. Rc1 Rg5 27. b4 e3 28. fxe3 Qf3 29. bxc5 Qxe3+ 30. Kh1
Rd5 31. Qc3 Rd1+ 32. Kg2 Qxc1 33. Qh8+ Ke7 34. Qc8 Rg1+ 35. Kh3 Qf1+ 36. Kg4
Qf5+ 37. Kh4 Qf6+ 38. Kg4 Qg6+ 39. Kh3 Qh5# 0-1

[Event "18e tournoi d'automne - tournoi A"]
[Site "Montigny le Bretonneux"]
[Date "2019.10.22"]
[Round "4.5"]
[White "Verat-Fayolle, Celian"]
[Black "Claisse, Patrick"]
[Result "1/2-1/2"]
[WhiteElo "1843"]
[BlackElo "1757"]
[Annotator "Rivier,Sylvain"]
[PlyCount "82"]
[EventDate "2019.??.??"]

{D�fense sicilienne, attaque Canal-Sokolsky} 1. e4 c5 2. Nf3 d6 3. Bb5+ Bd7 4.
Bxd7+ Qxd7 5. O-O Nc6 6. c3 Nf6 7. Qe2 e6 8. d4 cxd4 9. cxd4 Be7 10. Rd1 Qc7
11. Nc3 a6 12. d5 Nd8 13. e5 dxe5 14. Nxe5 O-O 15. Bf4 Bd6 16. Rac1 Qe7 17. Bg3
exd5 18. Nxd5 Nxd5 19. Rxd5 Bxe5 20. Rxe5 Ne6 21. f4 Qf6 22. f5 Nd4 23. Qf2 Nc6
24. Rd5 Rad8 25. Rcd1 Rxd5 26. Rxd5 Re8 27. Bh4 Qh6 28. h3 Qe3 29. Qxe3 Rxe3
30. Kf2 Re5 31. Rxe5 Nxe5 32. b3 f6 33. Bg3 Nc6 34. Ke3 Kf7 35. Be1 Ke7 36. g4
Kd6 37. Bc3 Kd5 38. h4 Ne5 39. g5 b5 40. Kf4 Nd3+ 41. Ke3 Ne5 1/2-1/2

[Event "18e tournoi d'automne - tournoi A"]
[Site "Montigny le Bretonneux"]
[Date "2019.10.23"]
[Round "5.1"]
[White "Claisse, Patrick"]
[Black "Gouanelle, Franck"]
[Result "0-1"]
[WhiteElo "1757"]
[BlackElo "2131"]
[Annotator "Rivier,Sylvain"]
[PlyCount "136"]
[EventDate "2019.??.??"]

{Défense française, variante Tarrasch} 1. e4 e6 2. d4 d5 3. Nd2 a6 4. Bd3 c5
5. c3 cxd4 6. cxd4 dxe4 7. Nxe4 Bb4+ 8. Nc3 Nf6 9. Nge2 Nc6 10. O-O O-O 11. Be3
Be7 12. Rc1 Nb4 13. Bb1 b5 14. f3 Bb7 15. Nf4 g6 16. a3 Nbd5 17. Ncxd5 Nxd5 18.
Nxd5 Bxd5 19. Be4 Qd7 20. Qd2 Rfd8 21. Rfd1 a5 22. Bxd5 Qxd5 23. Qc2 b4 24. a4
Bg5 25. Bxg5 Qxg5 26. Qd2 Qf6 27. Rc5 Rd6 28. Qg5 Qxg5 29. Rxg5 f5 30. Kf2 Rc8
31. Rd2 Kg7 32. f4 b3 33. Rg3 Rc2 34. Rgd3 Rb6 35. Ke3 Rb4 36. Ke2 Rxa4 37.
Rxb3 Rxd2+ 38. Kxd2 Rxd4+ 39. Ke3 Re4+ 40. Kf3 Rb4 41. Re3 Kf6 42. Re2 h6 43.
h4 Rb3+ 44. Kf2 a4 45. g3 Rb6 46. Kf3 g5 47. hxg5+ hxg5 48. Rc2 e5 49. fxe5+
Kxe5 50. Rc5+ Kf6 51. Rc2 Rb3+ 52. Kf2 Rb4 53. Kf3 Rb3+ 54. Kf2 g4 55. Kg2 Ke5
56. Rf2 Rb4 57. Kh2 f4 58. gxf4+ Rxf4 59. Rc2 Kd5 60. Kg3 Rc4 61. Rf2 Ke4 62.
Rf8 Kd3 63. Rf2 Re4 64. Rf8 Kc2 65. Rb8 Kb1 66. Rb7 Re3+ 67. Kxg4 Rb3 68. Ra7
Rb4+ 0-1

[Event "18e tournoi d'automne - tournoi A"]
[Site "Montigny le Bretonneux"]
[Date "2019.10.23"]
[Round "5.2"]
[White "Veron, Cyprien"]
[Black "Forissier, Nicolas"]
[Result "1-0"]
[WhiteElo "2024"]
[BlackElo "1929"]
[Annotator "Rivier,Sylvain"]
[PlyCount "91"]
[EventDate "2019.??.??"]

{Ouverture anglaise, variante Nimzo refus�e} 1. Nf3 d5 2. c4 e6 3. e3 Nf6 4.
Nc3 Nbd7 5. Qc2 c5 6. cxd5 exd5 7. d4 Be7 8. dxc5 Nxc5 9. Bb5+ Bd7 10. O-O O-O
11. Rd1 Rc8 12. Nxd5 Nxd5 13. Rxd5 Qb6 14. Bxd7 Nxd7 15. Qd1 Nf6 16. Rd3 Ne4
17. Rb3 Rfd8 18. Nd4 Qf6 19. Qf3 Nc5 20. Rc3 b5 21. Bd2 b4 22. Rc4 Nd3 23. Rxc8
Rxc8 24. b3 Qxf3 25. gxf3 Bf6 26. Kf1 a5 27. Ke2 Nf4+ 28. exf4 Bxd4 29. Rc1
Re8+ 30. Be3 Bc3 31. Rd1 g6 32. Rd5 Ra8 33. Bd4 Bxd4 34. Rxd4 Kg7 35. Kd3 Kf6
36. Rd5 Ra6 37. Kc4 Re6 38. Rxa5 Re2 39. Kxb4 Rxf2 40. a4 Rxf3 41. Rc5 Rxf4+
42. Kb5 g5 43. a5 Rf2 44. a6 Rxh2 45. a7 Ra2 46. Rc6+ 1-0

[Event "18e tournoi d'automne - tournoi A"]
[Site "Montigny le Bretonneux"]
[Date "2019.10.23"]
[Round "5.3"]
[White "Drouot, Frederic"]
[Black "Verat-Fayolle, Celian"]
[Result "1-0"]
[WhiteElo "1972"]
[BlackElo "1843"]
[Annotator "Rivier,Sylvain"]
[PlyCount "45"]
[EventDate "2019.??.??"]

{Ouverture anglaise, syst�me hollandais} 1. c4 e5 2. Nc3 Nc6 3. d3 f5 4. Nf3
Nf6 5. e4 fxe4 6. Nxe4 Bb4+ 7. Bd2 Bxd2+ 8. Qxd2 d6 9. Be2 O-O 10. O-O Bf5 11.
Ng3 Bg6 12. Ng5 Nd4 13. h4 h6 14. Nf3 Nc6 15. b4 Qe7 16. Rae1 Nh5 17. b5 Nd8
18. Nxe5 Be8 19. Bxh5 Bxh5 20. Ng6 Qxe1 21. Rxe1 Bxg6 22. Re7 c6 23. Qe2 1-0